| 000 | 01207cam a22002771 4500 | ||
|---|---|---|---|
| 999 |
_c128904 _d128904 |
||
| 001 | 7304541 | ||
| 003 | ARRUPE | ||
| 005 | 20190205120948.0 | ||
| 008 | 751027s1915 enkaf b 000 0 eng | ||
| 010 | _a 16003629 | ||
| 035 | _a(OCoLC)1737356 | ||
| 040 |
_aDLC _cNAlfC _dOCoLC _dDLC |
||
| 042 | _apremarc | ||
| 050 | 0 | 0 |
_aSPC. NK4165 _b.H7 |
| 100 | 1 |
_aHobson, R. L. _q(Robert Lockhart), _d1872-1941. _944396 |
|
| 245 | 1 | 0 |
_aChinese pottery and porcelain: _ban account of the potter's art in China from primitive times to the present day, _cby R.L. Hobson |
| 260 |
_aNew York [etc.] _bDover Publications, _c1976. |
||
| 300 |
_axxx, 326p. ; _bcol. fronts., illus., 134 pl. (part col.) _c22 cm. |
||
| 500 | _aEach frontispiece accompanied by guard sheet with descriptive letterpress. | ||
| 500 | _a"This edition is limited to 1,500 copies." | ||
| 504 | _aBibliography: vol. I, p. xxvii-xxx. | ||
| 505 | 0 | _aI. Pottery and early wares.--II. Ming and Chʻing porcelain. | |
| 650 | 0 |
_aPottery _zChinese _944397 |
|
| 906 |
_a7 _bcbc _coclcrpl _du _encip _f19 _gy-gencatlg |
||
| 942 |
_2lcc _cSPC |
||